Pediatría / (Record no. 58952)

MARC details
000 -LEADER
campo de control de longitud fija 00643nam a2200205 i 4500
001 - NÚMERO DE CONTROL
campo de control 58952
003 - IDENTIFICADOR DE NÚMERO DE CONTROL
campo de control ES-MaACL
005 - FECHA Y HORA DE LA ÚLTIMA TRANSACCIÓN
campo de control 20230906163927.0
007 - CAMPO FIJO DE DESCRIPCIÓN FÍSICA--INFORMACIÓN GENERAL
campo de control de longitud fija t|
008 - DATOS DE LONGITUD FIJA--INFORMACIÓN GENERAL
campo de control de longitud fija 031024s1959 sp ||||1| spa d
100 1# - ENTRADA PRINCIPAL--NOMBRE DE PERSONA
Nombre de persona Eley, Cannon R.
9 (RLIN) 46935
245 10 - MENCIÓN DEL TÍTULO
Título Pediatría /
Mención de responsabilidad, etc. por Cannon R. Eley y Benjamín Kramer ; versión española por F.J. Morales Belda.
250 ## - MENCION DE EDICION
Mención de edición [1ª ed.].
260 ## - PUBLICACIÓN, DISTRIBUCIÓN, ETC.
Lugar de publicación, distribución, etc. Madrid :
Nombre del editor, distribuidor, etc. Castilla,
Fecha de publicación, distribución, etc. [1959]
300 ## - DESCRIPCIÓN FÍSICA
Extensión VIII, 327 p. :
Otras características físicas il. ;
Dimensiones 21 cm.
650 #4 - PUNTO DE ACCESO ADICIONAL DE MATERIA--TÉRMINO DE MATERIA
Término de materia o nombre geográfico como elemento de entrada Pediatría.
9 (RLIN) 136672
700 1# - ENTRADA AGREGADA--NOMBRE PERSONAL
Nombre de persona Kramer, Benjamín.
9 (RLIN) 68726
700 1# - ENTRADA AGREGADA--NOMBRE PERSONAL
Nombre de persona Morales Belda, Francisco Javier.
9 (RLIN) 83018
852 ## - LOCALIZACIÓN
Ubicación ES-MaACL
Número de control de estantería C-18195
Sublocalización o colección R.44869
Holdings
Estatus retirado Estado de pérdida Estado de daño No para préstamo Biblioteca de origen Biblioteca actual Ubicación en estantería Fecha de adquisición Fuente de adquisición Total de préstamos Signatura topográfica completa Código de barras Visto por última vez Precio de reemplazo Tipo de ítem Koha
        Biblioteca del Ateneo de Madrid Biblioteca del Ateneo de Madrid Galería 17/01/2008     C-18195 1061840 23/02/2023 23/02/2023 Libro impreso